000 00840cam a2200205 4500
001 WB3924-16
008 030626n2003 000 0 eng u
035 _a(Sirsi) u122761
245 _aTenant land on increase
260 _c2003
490 _aFarmers' Weekly
_v138(24) 13 June 2003, 22(1)
520 _aThe Central Association of Agricultural Valuers have published their annual "Tenanted farms survey 2002". More land flowed into the let sector due to the Agricultural Tenancies Act 1995 encouraging landlords to let more land but there are signs that taxation is still limiting its growth.
590 _aWB
650 _aPROPERTY-LANDLORD AND TENANT-TENANCIES-AGRICULTURAL TENANCIES
650 _aTENANTED FARMLAND
650 _aTENANTED FARMS
650 _aSURVEYS
690 _aRURAL-AGRICULTURE AND FORESTRY
942 _n0
999 _c72936
_d72936